Vilaveduppu sasthreeyamakki uthpadanam vardhippikkuka (Record no. 50711)

MARC details
000 -LEADER
fixed length control field 00275nam a2200109Ia 4500
100 ## - MAIN ENTRY--AUTHOR NAME
Personal name Thomas K U
245 #0 - TITLE STATEMENT
Title Vilaveduppu sasthreeyamakki uthpadanam vardhippikkuka
260 ## - PUBLICATION, DISTRIBUTION, ETC. (IMPRINT)
Name of publisher Rubber
Year of publication 2008
300 ## - PHYSICAL DESCRIPTION
Number of Pages 7-Jun
942 ## - ADDED ENTRY ELEMENTS (KOHA)
Koha item type Bibliography STAF
Holdings
Withdrawn status Lost status Damaged status Not for loan Home library Current library Shelving location Date acquired Serial Enumeration / chronology Koha item type
      Bibliography RRII Library RRII Library Plant physiology 19/09/2008 Volume 510, Issue Sept Bibliography STAF